Noble ranks in Europe - Statistics

General Stats
  • This quiz has been taken 206 times
  • The average score is 10 of 21
Answer Stats
Answer % Correct
King
98%
Emperor
95%
Duke
93%
Count
89%
Baron
86%
Prince
80%
Marquess
67%
Viscount
62%
Kaiser
60%
Archduke
54%
Knight
54%
Caesar
45%
Grand duke
39%
Basileus
22%
Elector
15%
Landgrave
10%
Dux
9%
Junker
9%
Despot
8%
Freiherr
8%
Edler
1%
No matching quizzes found
Score Distribution
Percent of People with Each Score
Percentile by Number Answered
Your Score History
You have not taken this quiz